BSOP header

The theology of crisis / (Record no. 32185)

MARC details
000 -LEADER
fixed length control field 00706nam a2200169 4500
008 - FIXED-LENGTH DATA ELEMENTS--GENERAL INFORMATION
fixed length control field 080829s1929 nyu b 000 0 eng
090 ## - LOCALLY ASSIGNED LC-TYPE CALL NUMBER (OCLC); LOCAL CALL NUMBER (OCLC)
Classification number (OCLC) (R) ; Classification number, CALL (RLIN) (NR) BT78
Local cutter number (OCLC) ; Book number/undivided call number, CALL (RLIN) B83t
100 1# - MAIN ENTRY--PERSONAL NAME
Personal name Brunner, Emil,
Dates associated with a name 1889-1966.
245 14 - TITLE STATEMENT
Title The theology of crisis /
Statement of responsibility, etc by H. Emil Brunner
260 ## - PUBLICATION, DISTRIBUTION, ETC. (IMPRINT)
Place of publication, distribution, etc New York ,
-- London :
Name of publisher, distributor, etc C. Scribner's Sons,
Date of publication, distribution, etc 1929.
300 ## - PHYSICAL DESCRIPTION
Extent xxiii p., 1 l., 118 p. ;
Dimensions 20 cm.
500 ## - GENERAL NOTE
General note "The essays ... were delivered as the Swander lectures in the Theological seminary of the Reformed church in the United States at Lancaster, Pa. ... 1928."
504 ## - BIBLIOGRAPHY, ETC. NOTE
Bibliography, etc "A brief bibliography": p. 115.
650 #4 - SUBJECT ADDED ENTRY--TOPICAL TERM
Topical term or geographic name as entry element Dialectical theology.
951 ## - EQUIVALENCE OR CROSS-REFERENCE-GEOGRAPHIC NAME/AREA NAME [OBSOLETE] [CAN/MARC only]
General subdivision 00017011
951 ## - EQUIVALENCE OR CROSS-REFERENCE-GEOGRAPHIC NAME/AREA NAME [OBSOLETE] [CAN/MARC only]
-- 18882
-- BT78/B83t
-- 080829135835499
-- 2000-12-21
Holdings
Withdrawn status Lost status Damaged status Not for loan Home library Current library Date acquired Accession number Shelving control number Total Checkouts Full call number Barcode Date last seen Price effective from Koha item type
        BSOP Library BSOP Library 12/21/2000 18882 127   BT78/B83t 00017011 02/23/2013 02/23/2013 Books
BSOP

Biblical Seminary of the Philippines
  All rights Reserved
  © 2024

CONTACT INFORMATION

Biblical Seminary of the Philippines,
  77-B Karuhatan Road, Valenzuela City,
  PHILIPPINES 1441
  Phone: +632 8292-6795 / 8292-6798
  Fax : +632 8292-6675
  Email: library@bsop.edu.ph